| 000 -LEADER |
| fixed length control field |
00857cam a2200241Ki 4500 |
| 020 ## - INTERNATIONAL STANDARD BOOK NUMBER |
| ISBN |
9789400757967 (electronic bk.) |
| 020 ## - INTERNATIONAL STANDARD BOOK NUMBER |
| ISBN |
9400757964 (electronic bk.) |
| 040 ## - CATALOGING SOURCE |
| Transcribing agency |
GW5XE |
| 082 04 - DEWEY DECIMAL CLASSIFICATION NUMBER |
| Classification number |
333 CDR 2015 C158 Or. |
| 100 1# - MAIN ENTRY--AUTHOR NAME |
| Personal name |
Hill, Margot. |
| 245 10 - TITLE STATEMENT |
| Title |
Climate change and water governance : |
| Remainder of title |
adaptive capacity in Chile and Switzerland / |
| 300 ## - PHYSICAL DESCRIPTION |
| Number of Pages |
1 online resource. |
| 490 1# - SERIES STATEMENT |
| Series statement |
Advances in global change research, |
| 650 #0 - SUBJECT ADDED ENTRY--TOPICAL TERM |
| Topical Term |
Water-supply |
| 650 #0 - SUBJECT ADDED ENTRY--TOPICAL TERM |
| Topical Term |
Water-supply |
| 650 #0 - SUBJECT ADDED ENTRY--TOPICAL TERM |
| Topical Term |
Water resources development |
| 650 #0 - SUBJECT ADDED ENTRY--TOPICAL TERM |
| Topical Term |
Water-supply |
| 710 2# - ADDED ENTRY--CORPORATE NAME |
| Corporate name or jurisdiction name as entry element |
Ohio Library and Information Network. |
| 856 40 - ELECTRONIC LOCATION AND ACCESS |
| Uniform Resource Identifier |
http://rave.ohiolink.edu/ebooks/ebc/9789400757967 |
| 856 40 - ELECTRONIC LOCATION AND ACCESS |
| Uniform Resource Identifier |
http://dx.doi.org/10.1007/978-94-007-5796-7 |
| 856 40 - ELECTRONIC LOCATION AND ACCESS |
| Uniform Resource Identifier |
http://proxy.ohiolink.edu:9099/login?url=http://dx.doi.org/10.1007/978-94-007-5796-7 |
| 942 ## - ADDED ENTRY ELEMENTS (KOHA) |
| Koha item type |
ADB |
| 952 ## - LOCATION AND ITEM INFORMATION (KOHA) |
| Withdrawn status [LOCAL, KOHA] |
0 |